Abortion and Divorce in Western Law (Record no. 4896)
[ view plain ]
| 000 -LEADER | |
|---|---|
| fixed length control field | 00461nam a2200157Ia 4500 |
| 008 - FIXED-LENGTH DATA ELEMENTS--GENERAL INFORMATION | |
| fixed length control field | 230312s9999||||xx |||||||||||||| ||und|| |
| 020 ## - INTERNATIONAL STANDARD BOOK NUMBER | |
| International Standard Book Number | 0-674-00160-5 |
| 082 ## - DEWEY DECIMAL CLASSIFICATION NUMBER | |
| Classification number | 342.6166 |
| Item number | GLE-A |
| 100 ## - MAIN ENTRY--PERSONAL NAME | |
| Personal name | Mary Ann Glendon |
| 245 #0 - TITLE STATEMENT | |
| Title | Abortion and Divorce in Western Law |
| 260 ## - PUBLICATION, DISTRIBUTION, ETC. | |
| Name of publisher, distributor, etc. | Harvard University Press |
| Place of publication, distribution, etc. | London |
| Date of publication, distribution, etc. | 1987 |
| 300 ## - PHYSICAL DESCRIPTION | |
| Extent | 1997 |
| 546 ## - LANGUAGE NOTE | |
| Language note | Eng. |
| 650 ## - SUBJECT ADDED ENTRY--TOPICAL TERM | |
| Topical term or geographic name entry element | Law |
| Form subdivision | Abortion Law , Divorce Law , Why the American Different. |
| 942 ## - ADDED ENTRY ELEMENTS (KOHA) | |
| Koha item type | BOOK |
| Withdrawn status | Lost status | Source of classification or shelving scheme | Damaged status | Not for loan | Home library | Current library | Date acquired | Total Checkouts | Full call number | Barcode | Date last seen | Price effective from | Koha item type |
|---|---|---|---|---|---|---|---|---|---|---|---|---|---|
| Dewey Decimal Classification | Superior Information Resource Center (SIRC) Superior University- Main Campus | Superior Information Resource Center (SIRC) Superior University- Main Campus | 03/13/2023 | 342.6166 GLE-A | 4929 | 03/13/2023 | 03/13/2023 | BOOK |
